| 000 | 00922cam a22002651i 4500 | ||
|---|---|---|---|
| 001 | 4055920 | ||
| 003 | EG-ScBUE | ||
| 005 | 20230809132348.0 | ||
| 008 | 721213s1954 nyua f 001 0 eng d | ||
| 040 |
_aDLC _beng _erda _cDLC _dDLC _dEG-ScBUE |
||
| 082 | 0 | 4 |
_a918 _bSCH _222 |
| 100 | 1 |
_aSchurz, William Lytle, _d1886-1962, _eauthor. _99670 |
|
| 245 | 1 | 0 |
_aThis new world : _bthe civilization of Latin America / _cby William Lytle Schurz ; illustrations by Carl Folke Sahlin. |
| 264 | 1 |
_aNew York : _bE. P. Dutton, _c1954. |
|
| 300 |
_axii, 429 pages : _billustrations ; _c22 cm |
||
| 336 |
_2rdacontent _atext _btxt |
||
| 337 |
_2rdamedia _aunmediated _bn |
||
| 338 |
_2rdacarrier _avolume _bnc |
||
| 500 | _aIncludes index. | ||
| 651 | 7 |
_aLatin America _xCivilization. _2BUEsh _99671 |
|
| 655 | _vReading book | ||
| 700 | 1 |
_aSahlin, Carl Folke, _eillustrator. |
|
| 942 |
_2ddc _cBB |
||
| 999 |
_c12987 _d12987 |
||